| 000 | 01878cam a22004577a 4500 | ||
|---|---|---|---|
| 999 |
_c531471 _d531471 |
||
| 001 | 15710421 | ||
| 003 | NUST | ||
| 005 | 20191017121008.0 | ||
| 008 | 090423s2009 abcab b 001 0 eng | ||
| 010 | _a 2009366833 | ||
| 020 | _a9781897425138 (pbk.) | ||
| 035 | _a(OCoLC)ocn282530875 | ||
| 038 | _aMSOHAIL | ||
| 040 |
_aNLC _beng _cNLC _dCDX _dDLC |
||
| 042 | _alccopycat | ||
| 043 | _an-cn-ab | ||
| 045 | _ax4x7 | ||
| 050 | 0 | 0 |
_aHT384.C32 _bC35 2009 |
| 082 | 0 | 4 |
_a307.141609712338 _222 |
| 100 | 1 |
_aForan, Maxwell. _924213 |
|
| 245 | 1 | 0 |
_aExpansive discourses : _burban sprawl in Calgary, 1945-1978 / _cMax Foran. |
| 260 |
_aEdmonton : _bAU Press, _cc2009. |
||
| 300 |
_a276 p. : _bill., maps ; _c23 cm. |
||
| 490 | 0 | _aThe West unbound : social and cultural studies series | |
| 504 | _aIncludes bibliographical references and index. | ||
| 530 | _aIssued also in an electronic format. | ||
| 650 | 0 |
_aCities and towns _zAlberta _zCalgary _xGrowth _xHistory. _924214 |
|
| 650 | 0 |
_aReal estate development _zAlberta _zCalgary _xHistory. _924215 |
|
| 650 | 0 |
_aCity planning _zAlberta _zCalgary _xHistory. _924216 |
|
| 650 | 6 |
_aVilles _zAlberta _zCalgary _xCroissance _xHistoire. _924217 |
|
| 650 | 6 |
_aPromotion immobilière _zAlberta _zCalgary _xHistoire. _924218 |
|
| 650 | 6 |
_aUrbanisme _zAlberta _zCalgary _xHistoire. _924219 |
|
| 651 | 0 |
_aCalgary (Alta.) _xPolitics and government. _924220 |
|
| 651 | 0 |
_aCalgary (Alta.) _xHistory _y20th century. _924221 |
|
| 651 | 6 |
_aCalgary (Alb.) _xPolitique et gouvernement. _924222 |
|
| 651 | 6 |
_aCalgary (Alb.) _xHistoire _y20e siècle. _924223 |
|
| 856 | 4 | 1 |
_3Table of contents only _uhttp://www.loc.gov/catdir/toc/fy0906/2009366833.html |
| 906 |
_a7 _bcbc _ccopycat _d2 _encip _f20 _gy-gencatlg |
||
| 942 |
_2ddc _cBK |
||